| 000 | 00000nam##2200000za#4500 |
| 001 | 9.572337 |
| 003 | CaOODSP |
| 005 | 20210624183153 |
| 007 | cr ||||||||||| |
| 008 | 150406|1996||||xxc|||||o f|0| 0 eng|d |
| 040 | |aCaOODSP|beng |
| 043 | |an-cn--- |
| 086 | 1 |aF21-4/96-5E-PDF |
| 110 | 1 |aCanada. |bDepartment of Finance. |
| 245 | 14|aThe integration of corporate and personal taxes in Europe : |h[electronic resource]|bthe role of minimum taxes on dividend payments / |c[by] Michael P. Devereux ; prepared for the Technical Committee on Business Taxation. |
| 260 | |aOttawa - Ontario : |bFinance Canada |cDecember 1996. |
| 300 | |a36p.|breferences, tables |
| 490 | 1 |aWorking paper|v96-5 |
| 500 | |a"This paper examines minimum taxes on dividends which form of the imputation systems in France, Germany, Italy and the United Kingdom."--Abstract. |
| 520 | 3 |aThis paper examines minimum taxes on dividends which form of the imputation systems in France, Germany, Italy and the United Kingdom.--Abstract |
| 590 | |a11-30-Supp|b2011-12-02 |
| 690 | 07|aTaxes|2gcpds |
| 720 | 1 |aDevereux, Michael P. |
| 775 | 08|tL'intégration des impôts des sociétés et des particuliers en Europe : |w(CaOODSP)9.602714 |
| 776 | 0#|tThe integration of corporate and personal taxes in Europe : |w(CaOODSP)9.613806 |
| 830 | #0|aWorking paper ;|v96-5|w(CaOODSP)9.506727 |
| 856 | 40|ahttp://publications.gc.ca|qPDF|s102 KB|uhttps://publications.gc.ca/collections/Collection/F21-4-96-5E.pdf|y96-5 |